[Event "SVK-ch U10"]
[Site "Stara Lubovna"]
[Date "2014.04.09"]
[Round "6"]
[White "Vadila, Ondrej"]
[Black "Soltys, Oliver"]
[Result "1/2-1/2"]
[WhiteElo "1270"]
[BlackElo "1130"]
[PlyCount "68"]
[EventDate "2014.04.05"]
[EventType "swiss"]
[EventRounds "9"]
[EventCountry "SVK"]
[SourceTitle "EXT 2016"]
[Source "ChessBase"]
[SourceDate "2015.10.08"]
[SourceVersion "1"]
[SourceVersionDate "2015.10.08"]
[SourceQuality "1"]

1. e4 e5 2. Nf3 Nc6 3. Nc3 Nf6 4. Bb5 Bd6 5. d4 Qe7 6. Bxc6 bxc6 7. dxe5 Bxe5 8. Nxe5 Qxe5 9. 0-0 d6 10. Qd3 Ng4 11. Qg3 Qxg3 12. hxg3 Ba6 13. Re1 0-0 14. f3 Ne5 15. Bf4 f6 16. Rab1 f5 17. Bxe5 dxe5 18. Rbd1 fxe4 19. Nxe4 Rfe8 20. Nc5 Bc8 21. f4 Bg4 22. Rd2 exf4 23. Rxe8+ Rxe8 24. gxf4 Be6 25. Re2 Kf7 26. a3 Bg4 27. Rxe8 Kxe8 28. Kf2 Ke7 29. Na6 Kd6 30. Kg3 Be2 31. Nb4 c5 32. Nd3 Bxd3 33. cxd3 Kd5 34. Kf2 Kd4 1/2-1/2

[Event "SVK-ch U10"]
[Site "Stara Lubovna"]
[Date "2014.04.07"]
[Round "4"]
[White "Mezes, Kristof"]
[Black "Soltys, Oliver"]
[Result "0-1"]
[WhiteElo "1093"]
[BlackElo "1130"]
[PlyCount "56"]
[EventDate "2014.04.05"]
[EventType "swiss"]
[EventRounds "9"]
[EventCountry "SVK"]
[SourceTitle "EXT 2016"]
[Source "ChessBase"]
[SourceDate "2015.10.08"]
[SourceVersion "1"]
[SourceVersionDate "2015.10.08"]
[SourceQuality "1"]

1. d4 d5 2. c4 e6 3. Nc3 Nf6 4. Nf3 Be7 5. e3 Nc6 6. Bd3 Bd6 7. e4 dxe4 8. Nxe4 Bb4+ 9. Bd2 Bxd2+ 10. Qxd2 Nxd4 11. Nxd4 Qxd4 12. 0-0 Nxe4 13. Qe2 Nc5 14. Bb1 Bd7 15. Rd1 Qf6 16. Qd2 0-0-0 17. Bd3 Ba4 18. b3 Rxd3 19. Qe2 Rxd1+ 20. Rxd1 Bc6 21. b4 Qg6 22. f3 Na4 23. b5 Nc3 24. Qd3 Qf6 25. Rd2 Rd8 26. Qe3 Rxd2 27. Qxd2 Bd7 28. Kf2 Ne4+ 0-1

[Event "SVK-ch U10"]
[Site "Stara Lubovna"]
[Date "2014.04.05"]
[Round "1"]
[White "Soltys, Oliver"]
[Black "Sosovicka, Jakub"]
[Result "0-1"]
[WhiteElo "1130"]
[BlackElo "1719"]
[PlyCount "42"]
[EventDate "2014.04.05"]
[EventType "swiss"]
[EventRounds "9"]
[EventCountry "SVK"]
[SourceTitle "EXT 2016"]
[Source "ChessBase"]
[SourceDate "2015.10.08"]
[SourceVersion "1"]
[SourceVersionDate "2015.10.08"]
[SourceQuality "1"]

1. e4 c5 2. Nc3 d6 3. Nf3 Nf6 4. d4 cxd4 5. Nxd4 a6 6. Bd3 e5 7. Nf5 Bxf5 8. exf5 Be7 9. Bg5 0-0 10. Qf3 Nc6 11. Ne4 Nxe4 12. Bxe7 Qxe7 13. Qxe4 Qf6 14. g4 Rad8 15. c4 Nb4 16. Bb1 d5 17. cxd5 Nxd5 18. a3 Qg5 19. Bc2 Nf6 20. Qe2 Qxg4 21. Qxe5 Rfe8 0-1